1682 1387 1550 1312 1193 1439 1230 1769 1206 1804 1600 1279 1919 1018 1781 1554 1370 1706 1056 1797 1270 1558 1016 1545 1189 1475 1449 1751 1528 1758 1486 1771 1253 1776 1495 1560 1808 1265 1445 1047 1158 1423 1277 1976 1944 1114 1045 1286 1363 1609 1634 1623 1286 1265 1698 1367 1836 1464 1965 1919 1173 1338 1919 1518 1686 1139 1295 1761 1651 1313 1339 1205 1470 1287 1110 1343 1238 1503 1305 1438 1146 1310 1340 1022 1097 1340 1016 1611 1215 1922 1103 1609 1946 1498 1131 1241 1513 1720 1622 BCNSPRNW ULIB Ver.6.0+V

เปลี่ยนเป็นภาษาไทย

Change to English
 แสดงรายละเอียดบรรณานุกรม
  กลับหน้าหลัก

Brief Record : Get Marc (ISO 2709) : E-mail record : QR code < ปิดหน้าต่าง
LEADER : 00000nas 2200000uu 4500
001    13399126837
003     ULIB
008    190528s2018||||th 000 0 tha d
022 0  ^a26729148
245 00 ^aวารสารสาธารณสุขและวิทยาศาสตร์สุขภาพ^bวิทยาลัยการสาธารณสุขสิรินธร จังหวัดตรัง
310    ^aรายสี่เดือน
850 ^a ULIB^bฉบับที่ 3 ปีที่ 1 ฉ.1
945    ^p0^l0^i905236
999    ^aประนอม เกษจรัล
รายการนี้ยังไม่มีแท็ก
คุณยังไม่ได้ล็อกอิน คุณสามารถมีกิจกรรมร่วมกับเว็บไซต์ได้ แต่ต้องล็อกอินก่อน ::
  ล็อกอิน

รายการสื่อสารสนเทศ (วารสาร)

ดูแบบ: กล่อง รายการ
ARRIVED
ฉบับที่ 3 ปีที่ 1 ฉ.1
สถานที่: ห้องสมุดวิทยาเขตสวรรค์ประชารักษ์ >วารสาร

BibComment


ยังไม่เคยถูกคอมเมนท์

คอมเมนท์ทรัพยากรรายการนี้
  คอมเมนท์: วารสารสาธารณสุขแ..


 Copyright 2026. Bcnsprnw @Library